00407nam a2200121Ia 4500008004100000100001600041245012700057245001500184260000900199300002500208440003800233650001400271171207s9999 xx 000 0 und d aLu, Yi-Ling aLearning through engaging in retrospective reflection on a change process in an English course on workplace communication  cYi-Ling Lu c2017 apages 453-466, 2017 aEducational Action Researchv25:3 aEDUCATION